000 00711nam a2200253 i 4500
001 000030479
003 DO-SdBNP
005 20240704111136.0
007 ta
008 240704s2019 dr a 000 | spa d
020 _a9789591023599
040 _aDO-SdBNP
_bspa
_cBNPHU
_erda
082 4 _bA727d
_222
100 1 _aArmas, Lourdes, de
_957105
_eautor
245 1 0 _aDomingo blanco /
_cLourdes de Armas
264 _aLa Habana, Cuba :
_bLetras Cubanas ,
_c2019
300 _a54 páginas :
_bilustraciones ;
_c22 cm.
336 _2rdacontent
_atexto
_btxt
337 _2rdamedia
_asin mediación
_bn
338 _2rdacarrier
_avolumen
_bnc
590 _aInventariado, 2024/DG
910 _aDG
942 _2ddc
_cLF2
999 _c57161
_d57161